| 000 | 02174nam a2200445 c 4500 | ||
|---|---|---|---|
| 003 | BLK | ||
| 005 | 20231108135908.0 | ||
| 008 | 180410b bul|||||r ||||||| ||bul|| | ||
| 010 | _aKNG00160441000 | ||
| 020 |
_a978-954-400-707-2 _bиздат.: Фабер |
||
| 040 | _aBLK | ||
| 041 |
_aBUL _cBUL _hENG |
||
| 080 |
_aПаметници на културата на историческите периоди. Археологическите паметници. Старини _b904 _x(497.216) _z904(497.216) |
||
| 100 |
_aВачев, Хитко Стефанов _9296081 |
||
| 700 | 1 |
_aПлетньов, Валентин Георгиев _eред. _9375268 |
|
| 700 | 1 |
_aМичева, Мая Иванова _eпрев. _9332229 |
|
| 139 |
_aВачев, Хитко Стефанов _bВ 31 |
||
| 245 | 1 | 0 |
_aЕдин храм, един некропол, две религиозни общности _bАрхеол. проучвания на католическия и арменски храм Успение на Св. Богородица _cХитко Стефанов Вачев; ред. Валентин Георгиев Плетньов; прев. Мая Иванова Мичева. |
| 246 | 1 | 1 | _aOne church, one necropolis, two religious communities |
| 257 | _aBGR | ||
| 260 |
_аВ. Търново _bФабер _c2012 |
||
| 300 |
_a220 с. _bс цв. ил., факс. _c25 см |
||
| 380 | _a9 | ||
| 500 | _aБиблиогр. с. 184-188. - Рез. на англ. ез. | ||
| 650 | 4 |
_aВелико Търново _9178697 |
|
| 650 | 4 |
_aАрхеологически паметници _9243363 |
|
| 651 | 4 |
_aВелико Търново _9178697 |
|
| 651 | 4 |
_aБългария _9241624 |
|
| 653 | _aВелико Търново | ||
| 653 | _aархеологически паметници | ||
| 653 | _aцъркви | ||
| 653 | _aнекрополи | ||
| 720 |
_aHitko Vachev _eпаралелен автор |
||
| 852 | _aЦб 268611 | ||
| 856 | 4 |
_qpdf _u |
|
| 856 | 4 |
_qpdf _u |
|
| 942 |
_cKNG _n0 _02 |
||
| 944 |
_aCR _c09.05.2014 _lКети Илиева _k30550 |
||
| 944 |
_aED _c14.04.2015 _lф / _kЛюдмила_Стоянова |
||
| 999 |
_c153876 _d153876 |
||